00468 2200181 4500001002100000005001500021035002000036245004400056100002100100250001200121300003000133260003100163082001000194084001600204020002200220650002200242520002200264INLIS00000000000014520200103080912 a0010-01200000071 aSejarah Indonesia X /cNico Thamiend R.0 aNico Thamiend R. aPertama a230 :bIlus,viii ;c27 cm aBogor :bYudhistira,c2018 a959.8 a959.8 NIC s a979-602-445-086-1 aSejarah Indonesia aSejarah Indonesia